000 00621nam a22002177a 4500
003 OSt
005 20140310182802.0
008 130213t xxu||||| |||| 00| 0 eng d
020 _a9780538450881
050 _aT11
_b.Sm642 2011
082 _aM 808.0666
_bJ46 2011
245 _aTechnical writing for success /
_cDarlene Smith-Worthington,
250 _ainternational ed.
260 _aMason, OH :
_bSouth-Western, Cengage Learning,
_cc2011.
300 _axi, 449 p. :
_c29 cm.
_bill. col. ;
521 _acollege students
526 _c1210L-1700L
541 _j1
562 _e1
942 _2lcc
_cBK
_kM
999 _c16002
_d16002